Early Cālukyan temples of Andhra Desa, (Record no. 76185)

MARC details
000 -LEADER
fixed length control field 00767cam a22002411 4500
001 - CONTROL NUMBER
control field sa 67006827
003 - CONTROL NUMBER IDENTIFIER
control field DLC
005 - DATE AND TIME OF LATEST TRANSACTION
control field 20260227112410.0
008 - FIXED-LENGTH DATA ELEMENTS--GENERAL INFORMATION
fixed length control field 751113s1965 ii a b o000 0 eng
010 ## - LIBRARY OF CONGRESS CONTROL NUMBER
LC control number sa 67006827
035 ## - SYSTEM CONTROL NUMBER
System control number (OCoLC)1833209
040 ## - CATALOGING SOURCE
Original cataloging agency DLC
Transcribing agency FMU
Modifying agency DLC
042 ## - AUTHENTICATION CODE
Authentication code premarc
050 00 - LIBRARY OF CONGRESS CALL NUMBER
Classification number NA6007.A5
Item number R28
100 2# - MAIN ENTRY--PERSONAL NAME
Personal name Rama Rao, M.
245 10 - TITLE STATEMENT
Title Early Cālukyan temples of Andhra Desa,
Statement of responsibility, etc. by M. Rama Rao. General editor: Mohd. Abdul Waheed Khan.
260 ## - PUBLICATION, DISTRIBUTION, ETC.
Place of publication, distribution, etc. Hyderabad [India]
Name of publisher, distributor, etc. Govt. of andhra Pradesh,
Date of publication, distribution, etc. 1965.
300 ## - PHYSICAL DESCRIPTION
Extent ii, 44 p.
Other physical details illus.
Dimensions 29 cm.
490 0# - SERIES STATEMENT
Series statement Andhra Pradesh Government archaeological series ;
Volume/sequential designation no. 20
504 ## - BIBLIOGRAPHY, ETC. NOTE
Bibliography, etc. note Bibliographical footnotes.
650 #0 - SUBJECT ADDED ENTRY--TOPICAL TERM
Topical term or geographic name entry element Temples
Geographic subdivision India
-- Andhra Pradesh.
650 #0 - SUBJECT ADDED ENTRY--TOPICAL TERM
Topical term or geographic name entry element Chalukyas.

No items available.

Powered by Koha